GUIDE TO THE COMPANIES ACT WITH CHANGES (Record no. 5877)

MARC details
000 -LEADER
fixed length control field 00397nam a2200157Ia 4500
008 - FIXED-LENGTH DATA ELEMENTS--GENERAL INFORMATION
fixed length control field 240624s9999 xx 000 0 und d
041 ## - LANGUAGE CODE
Language code of text/sound track or separate title eng
082 ## - DEWEY DECIMAL CLASSIFICATION NUMBER
Classification number 346.066 RAM
100 ## - MAIN ENTRY--PERSONAL NAME
Personal name RAMAYA A
245 ## - TITLE STATEMENT
Title GUIDE TO THE COMPANIES ACT WITH CHANGES
250 ## - EDITION STATEMENT
Edition statement (16 th ed.)
260 ## - PUBLICATION, DISTRIBUTION, ETC.
Date of publication, distribution, etc. 2006
Place of publication, distribution, etc. Nagpur
Name of publisher, distributor, etc. Capitla Law House
300 ## - PHYSICAL DESCRIPTION
Extent lxiv, : 6806 : p. : cm. ; 23
365 ## - TRADE PRICE
Currency code RS
Price amount 15
440 ## - SERIES STATEMENT/ADDED ENTRY--TITLE
Volume/sequential designation 4
Holdings
Withdrawn status Lost status Damaged status Not for loan Home library Current library Shelving location Date acquired Source of acquisition Cost, normal purchase price Total Holds Full call number Barcode Date last seen Copy number Price effective from Koha item type
        IMTN IMTN Rack 13-B 08/30/2007 SLH 6660.00 1 346.066 RAM 5877 06/24/2024 1 06/24/2024 Books
Designed & Maintained by: LRC IMT Nagpur Contact: lrc@imtnag.ac.in© 2024. All Rights Reserved.